| 000 | 00432nam a22001697a 4500 | ||
|---|---|---|---|
| 003 | NUST - PNEC | ||
| 005 | 20170116181102.0 | ||
| 008 | 151003b xxu||||| |||| 00| 0 eng d | ||
| 020 | _a- | ||
| 040 | _cLIBRARY | ||
| 082 | _a621.3848 RAD | ||
| 100 |
_912453 _aPhilips Elektronikindustrier AB |
||
| 245 |
_aRadar techniques _cPhilips Elektronikindustrier AB |
||
| 260 | _cc.1978 | ||
| 650 |
_912455 _aRadar _xEL |
||
| 942 |
_2ddc _cBK |
||
| 999 |
_c68813 _d68813 |
||